000 00436nam a2200157 i 4500
001 62608
003 ES-MaACL
005 20230906164711.0
007 t|
008 031124s1969 sp ||||1| spa d
100 1 _aFernández Gutiérrez, Julián.
_949841
245 1 4 _aLos an-ti /
_cJulián Fernández Gutiérrez.
260 _a[S.l. :
_bs.n.,
_c1969] (
_eMadrid)
300 _a252 p. ;
_c17 cm.
852 _aES-MaACL
_jC-36548
_bR.69930
999 _c62608
_d62608